| 000 | 00362nam a2200145Ia 4500 | ||
|---|---|---|---|
| 999 |
_c523305 _d523305 |
||
| 005 | 20190131092912.0 | ||
| 008 | 190125s9999 xx 000 0 und d | ||
| 040 | _cDLC | ||
| 082 |
_a355.02 _bCAN |
||
| 100 |
_aQaisar Chohan _913524 |
||
| 245 | _a100 Azeem Mohammat / | ||
| 260 |
_bElmo Irfan Publication _aLahore _c2012 |
||
| 300 | _a448p. : | ||
| 942 |
_2ddc _cBK |
||